000 00563nam a2200181Ia 4500
001 24587
005 20260414151053.0
008 260414t2015||||xx |||||||||||||| ||spa||
041 _aESP
082 _a345.721
_bB141 V. 34
100 _aZegarra-Ballón Quintanilla, Irene
_eAUT
245 0 _aArbitraje :
_bla forma del acuerdo arbitral en la ley de arbitraje peruana de 2008 y los instrumentos internacionales vinculantes para el Perú
260 _c2015
300 _a270 páginas :
_c24 cm.
650 _aDER
654 _aCDE
942 _cLIB
_dJUS
_fJUS
_2ddc
_n
999 _c24587
_d24587